00707nam a22002053a 450000100060000000300080000600500170001400800410003103500190007204000270009104100080011808200220012610000360014824501580018426000410034230000340038350400390041765100280045670000170048427684BD-RjUL20211209051204.0140327s1965 enka 001 0 eng d a(BD-RjUL)27763 aEQOcEQObengdBD-RjUL aeng a942bCHB V-2 19651 aChurchill, Winston,d1874-1965.14aThe Blenheim edition of A history of the English-speaking peoples /cwith an intr. and bibliogr. by R.W. Ellisn2.pThe making of the nation (1066-1377). aLondon :bCassel & co. Ltd.,cc1965. axii, 184 p. :bill. ;c20 cm. aIncludes bibliographies and index. 0aGreat BritainxHistory.1 aEllis, R. W.